000 00523nam a2200193Ia 4500
005 20250508154946.0
008 008 250505s9999 xx 000 0 eng d
037 _aTextual
040 _aFEDL
_beng
_cFEDL
041 _aeng
_2eng
084 _a335.43, GAN
_qFEDL
100 _aGandhi M. K.
245 0 _aCommunism and communists
260 _aAhmedabad, India
_bNavajivan Publishing House
_c1959
300 _a24p.
650 _aEconomics
942 _cTEXL
_h335.43, GAN
999 _c1353130
_d1353130